| Поле | Инд. | ПП | Название | Значение |
|---|---|---|---|---|
| Тип записи | a | |||
| Библиографический уровень | b | |||
| 001 | Контрольный номер | RU/IS/BASE/262113472 | ||
| 005 | Дата корректировки | 20200608194419.2 | ||
| 084 | a | Индекс другой классификации/Индекс ББК | 65.26(2Рос)-18 | |
| 100 | 1_ | a | Автор | Семенов В. П. |
| q | Полное имя | Семенов Владимир Петрович | ||
| 245 | a | Заглавие | Доллар и доходность денежных сбережений в инфляционной экономике | |
| 504 | a | Библиография | Лит. в конце статьи | |
| 520 | a | Аннотация | Рассматриваются "проблемы свободного хождения доллара в российской экономике и оценивается его доходность как особой разновидности ценной бумаги." | |
| 650 | a | Основная рубрика | финансы | |
| a | Основная рубрика | экономика | ||
| 653 | a | Ключевые слова | акции | |
| a | Ключевые слова | доллар США | ||
| a | Ключевые слова | долларизация экономики | ||
| a | Ключевые слова | инфляция | ||
| a | Ключевые слова | облигации | ||
| a | Ключевые слова | Россия | ||
| a | Ключевые слова | финансовая политика | ||
| a | Ключевые слова | ценные бумаги | ||
| 773 | t | Заглавие источника | Проблемы прогнозирования | |
| d | Дата издания источника | 2002 | ||
| g | Прочая информация | № 4. - С. 106 - 121 : эконом. расчет., граф. | ||
| w | Контрольный № источника | RU/IS/BASE/113580053 | ||
| 901 | t | Тип документа | b |